| 000 | 00689nam a2200229 4500 | ||
|---|---|---|---|
| 001 | 108778 | ||
| 003 | ES-MaACL | ||
| 005 | 20230906184716.0 | ||
| 007 | t| | ||
| 008 | 061121s1988 sp r ||||1| spa d | ||
| 020 | _a84-7669-049-5 | ||
| 100 | 1 |
_aMourad, Kénizé. _983884 |
|
| 245 | 1 | 0 |
_aDe parte de la princesa muerta / _cKenizé Mourad; traducido del francés por Mauricio Wacquez. |
| 250 | _a8ª reimp. | ||
| 260 |
_aBarcelona : _bMuchnik Editores, _c1988. |
||
| 300 |
_a582 p. ; _c23 cm. |
||
| 490 | 1 |
_aLiteratura ; _v52 |
|
| 700 | 1 |
_aWacquez, Mauricio. _9115802 |
|
| 830 | 0 |
_aLiteratura ; _v52 _9177860 |
|
| 852 |
_aES-MaACL _jL-13227 _bR.116241 |
||
| 999 |
_c108778 _d108778 |
||